Brooklyn : the once and future city (Record no. 85874)

MARC details
000 -LEADER
fixed length control field 00843 a2200253 4500
003 - CONTROL NUMBER IDENTIFIER
control field CBULib
005 - DATE AND TIME OF LATEST TRANSACTION
control field 20250128083957.0
008 - FIXED-LENGTH DATA ELEMENTS--GENERAL INFORMATION
fixed length control field 241211b |||||||| |||| 00| 0 eng d
020 ## - INTERNATIONAL STANDARD BOOK NUMBER
International Standard Book Number 9780691208619
040 ## - CATALOGING SOURCE
Language of cataloging English
Transcribing agency CBULib
Description conventions rda
050 ## - LIBRARY OF CONGRESS CALL NUMBER
Classification number F 129.B7 Cam
100 ## - MAIN ENTRY--PERSONAL NAME
Personal name Campanella, Thomas J.
245 ## - TITLE STATEMENT
Title Brooklyn : the once and future city
Statement of responsibility, etc / by Thomas J. Campanella
260 ## - PUBLICATION, DISTRIBUTION, ETC. (IMPRINT)
Name of publisher, distributor, etc Princeton University Press,
Date of publication, distribution, etc 2019
Place of publication, distribution, etc Princeton :
300 ## - PHYSICAL DESCRIPTION
Extent xiv, 533 pages : illustrations
336 ## - CONTENT TYPE
Source rdacontent
Content type term Text |
Content type code txt
337 ## - MEDIA TYPE
Source rdamedia
Media type term Unmediated |
Media type code n
338 ## - CARRIER TYPE
Source rdacarrier
Carrier type term Volume
Carrier type code nc
500 ## - GENERAL NOTE
General note Includes an epilogue, notes and index
650 #0 - SUBJECT ADDED ENTRY--TOPICAL TERM
9 (RLIN) 4227
Topical term or geographic name as entry element BROOKLYN (NEW YORK) SOCIAL LIFE AND CUSTOMS
650 #0 - SUBJECT ADDED ENTRY--TOPICAL TERM
9 (RLIN) 3904
Topical term or geographic name as entry element MANNERS AND CUSTOMS
650 #0 - SUBJECT ADDED ENTRY--TOPICAL TERM
9 (RLIN) 4228
Topical term or geographic name as entry element BROOKLY (NEW YORK, N.Y.) HISTORY
942 ## - ADDED ENTRY ELEMENTS (KOHA)
Source of classification or shelving scheme
Koha item type MONOGRAPH
Holdings
Withdrawn status Lost status Source of classification or shelving scheme Damaged status Not for loan Collection code Permanent Location Current Location Shelving location Date acquired Source of acquisition Full call number Barcode Date last seen Price effective from Koha item type Cost, normal purchase price Total Checkouts
          CBU-Lusaka Campus CBU- LUSAKA CAMPUS CBU-MAIN LIBRARY, KITWE. General Stacks 12/11/2024 BOOK AID INTERNATIONAL F 129.B7 Cam 753166 12/11/2024 12/11/2024 MONOGRAPH    
          CBU-Lusaka Campus CBU- LUSAKA CAMPUS CBU-MAIN LIBRARY, KITWE. General Stacks 12/11/2024 BOOK AID INTERNATIONAL F 129.B7 Cam 753167 12/11/2024 12/11/2024 MONOGRAPH 21.95  
          Main Library Open Access Collection CBU-MAIN LIBRARY, KITWE. CBU-MAIN LIBRARY, KITWE. General Stacks 01/28/2025 BOOK AID INTERNATIONAL F 129.B7 Cam 753249 01/28/2025 01/28/2025 MONOGRAPH 21.95  
          Main Library Open Access Collection CBU-MAIN LIBRARY, KITWE. CBU-MAIN LIBRARY, KITWE. General Stacks 01/28/2025 BOOK AID INTERNATIONAL F 129.B7 Cam 753248 01/28/2025 01/28/2025 MONOGRAPH 21.95